00505nam a22001697a 450000500170000001000150001702000260003203500130005803700130007110000160008424501050010026000360020527000390024130000210028094200170030199900170031820140612120310.0 aENG-110202 a9788179981399c275.00 aEN-93734 bDBAD/PUB aSudha, G.S. aProduction and materials management : cby G.S. Sudhabwith mini cases, problems and helpful hints / aJaipurbMalik and companyc2014 a337, chaura rasta bJaipure302003 a360p.c23cm(pbk) 2ddccENmSUD c85067d85067